Biblioteca y Centro de Documentación

L'évaluation des programmes pour l'emploi et des mesures sociales (Registro nro. 140)

Detalles MARC
000 -CABECERA
Longitud fija campo de control 01037nam a2200313 c 4500
001 - NÚMERO DE CONTROL
Número de control 140
003 - IDENTIFICADOR DE NÚMERO DE CONTROL
Identificador del número de control ES-MaCES
005 - FECHA Y HORA DE LA ÚLTIMA TRANSACCIÓN
Fecha y hora de la última transacción 20150724120037.0
008 - CAMPO FIJO DE DESCRIPCIÓN FIJA--INFORMACIÓN GENERAL
Códigos de información de longitud fija   940511s1991 fr ||| | fre d
020 ## - ISBN (INTERNATIONAL STANDARD BOOK NUMBER)
Número Internacional Normalizado para Libros (ISBN) 926423537X
035 ## - NÚMERO DE CONTROL DEL SISTEMA
Número de control del sistema CES19980001405m
040 ## - FUENTE DE CATALOGACIÓN
Centro catalogador de origen ES-MaCES
Lengua de catalogación spa
Centro transcriptor ES-MaCES
245 02 - MENCIÓN DE TÍTULO
Título L'évaluation des programmes pour l'emploi et des mesures sociales
Resto del título : le point sur une question complexe
260 ## - PUBLICACIÓN, DISTRIBUCIÓN, ETC (PIE DE IMPRENTA)
Lugar de publicación, distribución, etc. Paris
Nombre del editor, distribuidor, etc. Organisation de coopération et de développement économiques
Fecha de publicación, distribución, etc. cop. 1991
300 ## - DESCRIPCIÓN FÍSICA
Extensión 199 p.
Dimensiones 23 cm
504 ## - NOTA DE BIBLIOGRAFÍA, ETC.
Nota de bibliografía, etc. Bibliografía
541 ## - NOTA DE LA FUENTE INMEDIANTE DE ADQUISICIÓN
Forma de adquisición Compra
650 #4 - ASIENTO SECUNDARIO DE MATERIA--TÉRMINO DE MATERIA
Término de materia o nombre geográfico como elemento inicial fomento del empleo
9 (RLIN) 30270
650 #4 - ASIENTO SECUNDARIO DE MATERIA--TÉRMINO DE MATERIA
Término de materia o nombre geográfico como elemento inicial programa de formación
9 (RLIN) 29083
650 #4 - ASIENTO SECUNDARIO DE MATERIA--TÉRMINO DE MATERIA
Término de materia o nombre geográfico como elemento inicial relación formación empleo
9 (RLIN) 29976
650 #4 - ASIENTO SECUNDARIO DE MATERIA--TÉRMINO DE MATERIA
Término de materia o nombre geográfico como elemento inicial país de la OCDE
9 (RLIN) 29055
650 #4 - ASIENTO SECUNDARIO DE MATERIA--TÉRMINO DE MATERIA
Término de materia o nombre geográfico como elemento inicial comparación
9 (RLIN) 28892
653 10 - TÉRMINO DE INDEXACIÓN--NO CONTROLADO
Término no controlado Empleo
650 #4 - ASIENTO SECUNDARIO DE MATERIA--TÉRMINO DE MATERIA
9 (RLIN) 28300
Término de materia o nombre geográfico como elemento inicial política de empleo
710 2# - ENCABEZAMIENTO SECUNDARIO--NOMBRE CORPORATIVO
Nombre de entidad o nombre de jurisdicción como elemento inicial Organización de Cooperación y Desarrollo Económico
9 (RLIN) 4694
902 ## - CES. TIPO DE DOCUMENTO
Tipodoc (006$c Sirtex) LIB Libro
942 ## - ELEMENTOS KOHA
Fuente de clasificaión o esquema Clasificación propia del CES
Koha [por defecto] tipo de item Monografías
Parte de clasificación 2.1.
Existencias
Número de registro Signatura completa Tipo de item de Koha
000156 DPT-670 Monografías
© CES, Consejo Económico y Social de España 2021